Modern short stories for students of english

Zapisane w:
Opis bibliograficzny
1. autor: Taylor, Peter J. W (Autor)
Format: Książka
Język:angielski
Wydane: Oxford Oxford University Press 1994
Hasła przedmiotowe:
Etykiety: Dodaj etykietę
Nie ma etykietki, Dołącz pierwszą etykiete!

MARC

LEADER 00000nam a2200000 a 4500
001 UCR6152
003 CL-VaPUC
008 980420e19940000UK |||||||||||||||||eng|d
082 0 4 |a 823  |b TAY  |2 21 
100 0 |a Taylor, Peter J. W  |e author  |9 407326 
245 1 0 |a Modern short stories for students of english 
300 |a 117 p 
942 |c BK 
945 |d 19980420 00:00:00  |a rbrito 
260 |a Oxford  |b Oxford University Press  |c 1994 
650 0 |a Cuentos ingleses  |9 265135 
583 |a last modification  |c 19980420 00:00:00  |k Rodrigo Vera 
999 |c 268455  |d 268453 
952 |0 0  |1 0  |4 0  |6 823_000000000000000_TAY_1994  |7 0  |8 A  |9 301615  |a BIBEDU  |b BIBEDU  |d 2019-11-20  |i 3410420  |l 1  |o 823 TAY 1994  |p 3410420  |r 2022-06-15  |s 2022-04-28  |w 2019-11-20  |y BK  |k LIT